ბათუმის შოთა რუსთაველის სახელმწიფო უნივერსიტეტის ბიბლიოთეკა

Молекулярная генетика микробиология и вирусология. №3. 2013. (ბიბ.ჩანაწერი № 41004)

000 -LEADER
fixed length control field 00691nam a2200205Ia 4500
001 - CONTROL NUMBER
control field 7652
003 - CONTROL NUMBER IDENTIFIER
control field GE_BSU
008 - FIXED-LENGTH DATA ELEMENTS--GENERAL INFORMATION
fixed length control field 181216s||||||||xx |||||||||||||| ||und||
040 ## - CATALOGING SOURCE
Transcribing agency GE_BSU
245 ## - TITLE STATEMENT
Title Молекулярная генетика микробиология и вирусология. №3. 2013.
245 ## - TITLE STATEMENT
Statement of responsibility, etc. Гл. ред. С.В.Костров. и др.
260 ## - PUBLICATION, DISTRIBUTION, ETC.
Place of publication, distribution, etc. Москва.
260 ## - PUBLICATION, DISTRIBUTION, ETC.
Name of publisher, distributor, etc. Медицина.
260 ## - PUBLICATION, DISTRIBUTION, ETC.
Date of publication, distribution, etc. 2013
300 ## - PHYSICAL DESCRIPTION
Extent 40ст.28см.
653 ## - INDEX TERM--UNCONTROLLED
Uncontrolled term Молекулярная генетика микробиология и вирусология. №3. 2013.
653 ## - INDEX TERM--UNCONTROLLED
Uncontrolled term Периодика
653 ## - INDEX TERM--UNCONTROLLED
Uncontrolled term პერიოდიკა
942 ## - ADDED ENTRY ELEMENTS (KOHA)
Koha item type პერიოდიკა
ეგზემპლარები
Withdrawn status Lost status Damaged status Not for loan Date acquired Barcode Date last seen Price effective from Koha item type
        2018-12-17 p75768 2018-12-17 2018-12-17 პერიოდიკა